LEADER 02343nam 2200493 450 001 9910808115303321 005 20230803214937.0 010 $a84-92619-95-3 035 $a(CKB)3790000000025485 035 $a(EBL)2086197 035 $a(SSID)ssj0001517410 035 $a(PQKBManifestationID)12496914 035 $a(PQKBTitleCode)TC0001517410 035 $a(PQKBWorkID)11500807 035 $a(PQKB)10180333 035 $a(MiAaPQ)EBC2086197 035 $a(Au-PeEL)EBL2086197 035 $a(OCoLC)914152946 035 $a(EXLCZ)993790000000025485 100 $a20200122d2014 uy 0 101 0 $aspa 135 $aur|n|---||||| 181 $ctxt 182 $cc 183 $acr 200 14$aLas mudanzas del cante en tiempo de silverio $eana?lisis histo?rico-musical de su escuela de cante /$fGuillermo Castro Buendi?a 210 1$aBarcelona :$cEdiciones Carena,$d2014. 215 $a1 online resource (722 p.) 225 0 $aFlamenco Las mudanzas del cante en tiempos de Silverio 300 $aDescription based upon print version of record. 320 $aIncludes bibliographical references. 327 $aPortada; Ti?tulo; Pro?logo; Prea?mbulo; Capi?tulo I: Consideraciones previas; I.1. La importancia de los registros sonoros y el papel de Silverio Franconetti; I.2. Sobre la terminologi?a del flamenco; II. Capi?tulo II. Corpus musical; II.1. La transcripcio?n de la mu?sica flamenca; II.2. Fundamentos de la mu?sica flamenca; III. Capi?tulo III. Los estilos; III.1. Cantes sin guitarra; III.2. Peteneras; III.3. Can?a y Polo; III.4. Liviana y Serrana; III.5. Seguiriyas; III.6. Soleares; III.6.9. Ape?ndice; III.7. Los Fandangos; III.7.5. Seleccio?n de grabaciones; Epi?logo; Bibliografi?a; Discografi?a; Videografi?a 327 $aGlosario de te?rminos flamencos y de otra i?ndoleAgradecimientos; Otros ti?tulos del mismo editor; ¿Le ha gustado este libro?; Copyright 606 $aFlamenco music$zSpain$xHistory and criticism 615 0$aFlamenco music$xHistory and criticism. 676 $a781.62610468 700 $aCastro Buendi?a$b Guillermo$f1973-$01713149 801 0$bMiAaPQ 801 1$bMiAaPQ 801 2$bMiAaPQ 906 $aBOOK 912 $a9910808115303321 996 $aLas mudanzas del cante en tiempo de silverio$94105887 997 $aUNINA LEADER 01729nas 2200505 c 450 001 9910894770503321 005 20260218111353.0 024 7 $aurn:nbn:de:0128-1-3912 035 $a(CKB)3790000000120347 035 $a(DE-599)ZDB2475527-8 035 $a(OCoLC)299961163 035 $a(DE-101)992260051 035 $a(DE-599)2475527-8 035 $a(EXLCZ)993790000000120347 100 $a20090123b18981898 |y | 101 0 $ager 135 $aurg|||||a|a|a 181 $ctxt$2rdacontent 182 $cc$2rdamedia 183 $acr$2rdacarrier 200 00$aRheinische Touristenblätter$eillustrirte Fremden- und Verkehrs-Zeitung für das Rheingau-, Westrich- und Moselgebiet, für den Hunsrück, das Nahethal, Saarthal, Lahnthal, den Westerwald, das Siebengebirge, das Siegthal, Aggerthal, das Bergische Land und den Niederrhein 210 31$aMontjoie$cWeiss$aKo?ln$cUniversita?ts- und Stadtbibliothek$d1898-1898 215 $aOnline-Ressource 300 $aGesehen am 20.01.11 300 $aGesehen am 16.10.2019 300 $aDigitalisiert von: Ko?ln : Universita?ts- und Stadtbibliothek, 2019 300 $aMehr nicht digitalisiert 606 $aLandeskunde$3(DE-588)4073972-7$3https://d-nb.info/gnd/4073972-7$3(DE-101)040739724$2gnd 607 $aRheinland$2gnd 608 $aZeitschrift$2gnd-content 608 $aZeitschrift$2gnd 608 $aOnline-Publikation$2gnd 615 7$aLandeskunde. 676 $a070 676 $a380 676 $a914.3 676 $a943 686 $a710$a130$2rpb 801 0$b0929 801 1$bDE-101 801 2$b0038 906 $aJOURNAL 912 $a9910894770503321 996 $aRheinische Touristenbla?tter$94258559 997 $aUNINA